A glimpse on the life of Guru Gobind Singh : (Record no. 43075)

MARC details
000 -LEADER
fixed length control field 00687nam a22001937a 4500
005 - DATE AND TIME OF LATEST TRANSACTION
control field 20100825145115.0
010 ## - LCCN (DPL NO)
LC control number ENG-101371
020 ## - INTERNATIONAL STANDARD BOOK NUMBER
International Standard Book Number 8174990461
Terms of availability 150.00
035 ## - SYSTEM CONTROL NUMBER
System control number EN-84904
037 ## - SOURCE OF ACQUISITION
Source of stock number/acquisition DBAD/PUB
082 ## - DEWEY DECIMAL CLASSIFICATION NUMBER
Classification number 920
100 ## - MAIN ENTRY--PERSONAL NAME
Personal name Matharu, Rattan Singh
245 ## - TITLE STATEMENT
Title A glimpse on the life of Guru Gobind Singh :
Remainder of title the messiah of the masses /
Statement of responsibility, etc by Rattan Singh Matharu
260 ## - PUBLICATION, DISTRIBUTION, ETC. (IMPRINT)
Place of publication, distribution, etc Nagpur
Name of publisher, distributor, etc Vishwabharati Prakashan
Date of publication, distribution, etc 2010
270 ## - ADDRESS
Address Dhanwate Chambers Sitabuldi
City Nagpur
Postal code 12
300 ## - PHYSICAL DESCRIPTION
Extent 128p
Dimensions 21cm(Hb)
942 ## - ADDED ENTRY ELEMENTS (KOHA)
Source of classification or shelving scheme Dewey Decimal Classification
Item type English Books
Classification part 920
Call number suffix MAT
Holdings
Withdrawn status Lost status Not for loan Collection code Home library Current library Date acquired Source of acquisition Cost, normal purchase price Full call number Barcode Copy number Cost, replacement price Koha item type
    Not For Loan Non-fiction D.B.Act.Division D.B.Act.Division 25/08/2010 DBAD/PUB 150.00 920 MAT EN-84904 1 150.00 English Books

© Delhi Public Library
Hit Counter
free hit counter